[Event "CZE-ch I/177 corr"]
[Site "Czechia"]
[Date "2003.??.??"]
[Round "?"]
[White "Pressl, Ladislav"]
[Black "Svoboda, Josef"]
[Result "1-0"]
[WhiteElo "2015"]
[BlackElo "1835"]
[PlyCount "53"]
[EventDate "2003.07.20"]
[EventType "tourn (corr)"]
[EventRounds "12"]
[EventCountry "CZE"]
[SourceTitle "Corr 2006"]
[Source "ChessBase"]
[SourceDate "2006.04.01"]
[SourceVersion "3"]
[SourceVersionDate "2006.04.01"]
[SourceQuality "1"]

1. e4 c5 2. Nf3 d6 3. d4 cxd4 4. Nxd4 Nf6 5. Nc3 a6 6. Be2 e5 7. Nb3 Be7 8. 0-0 0-0 9. f4 Nbd7 10. Bf3 Qb6+ 11. Kh1 Nc5 12. Be3 Rd8 13. Nd5 Nxd5 14. exd5 exf4 15. Bxf4 Nxb3 16. axb3 Qb4 17. Bh5 Bf6 18. Bd2 Qc5 19. Bc3 Bxc3 20. Bxf7+ Kh8 21. bxc3 Qxc3 22. Ra4 Bd7 23. Rh4 Qe5 24. Qd3 h6 25. Qg6 Qe3 26. h3 Be8 27. Rff4 1-0